000 01211nam a22003497a 4500
003 CHAP
005 20220329133320.0
008 971013s r 00010 d
010 _a4789
011 _a5761
035 _a4977
040 _cCHAP
090 _aR-3330
100 0 0 _aRivera, M. D.
_997784
245 _aAnálisis conjunto de producción de leche y peso destetado por vacas de doble propósito
500 _aFaltan diapositivas
500 _aSobretiro de: Reunión de la A.L.P.A. (12:1990: Campinas, Brasil) [23] p.
590 _aBATCH-UPD
_b10
_c20130110
_lUCH01
_h1229
590 _aBATCH-UPD
_b10
_c20130410
_lUCH01
_h0800
590 _aBATCH-UPD
_b10
_c20130914
_lUCH01
_h0551
590 _aBATCH-UPD
_b10
_c20130914
_lUCH01
_h2121
590 _aCONVERSION
_b10
_c20130109
_lUCH01
_h1304
650 1 4 _aBecerros
_xDestete.
_911178
650 1 4 _aGanado lechero
_xProducción.
_945288
650 1 4 _aLeche
_xProducción.
_965400
700 0 _aFernández, S.
_940348
700 0 _aNúñez, R.
_981993
710 0 _aAsociación Latinoamericana de Producción Animal. Reunión (12: 1990: Campinas, Brasil)
_98036
901 _aBK
942 _cREIMP
949 _aR-3330
_bBC
_cR
_d-14543
_eTS1
_i4977
_mD
_si
999 _c4789
_d4789